00670nam a2200217Ia 4500003000900000008004100009040001300050040001300063041000800076100002100084245005700105250001900162260001300181260000900194300001100203300001000214490000600224942000700230999001700237952019800254IT-RoPAU120407s9999 xx 000 0 und d aIT-RoPAU cIT-RoPAU aita aMariano Magrassi aQuando vedrò€ il tuo volto? Pregare i salmi. 2a ed. aPutignano (BA) aLa Scala c1982 a198 p. c20 cm v1 cBK c28244d28244 00102ddc406248_82000000000000071aPAULUSbPAULUSd2012-04-11l0o248.82r2012-04-11 00:00:00w2012-04-11yBKzInserito da: Jole In data: 12 settembre 2011 fondo: Via A.Severo 56 Progr:30397